| 000 | 01066nam a22003018a 4500 | ||
|---|---|---|---|
| 001 | 015959358 | ||
| 003 | Uk | ||
| 005 | 20131001153410.0 | ||
| 008 | 111026s2012 ohu 001 0 eng|d | ||
| 020 | _a0538482974 | ||
| 020 | _a9780538482974 | ||
| 082 | 0 | 4 |
_a658.1599 _223 _bMAD |
| 100 | 1 |
_aMadura, Jeff. _933658 |
|
| 245 | 1 | 0 |
_aInternational Corporate Finance / _cJeff Madura. |
| 250 | _a11th ed. | ||
| 260 |
_aMason, Ohio : _bSouth-Western ; _aAndover : _bCengage Learning [distributor], _c2012. |
||
| 300 |
_a1 v. ; _c25 cm. |
||
| 500 | _aPrevious ed.: 2010. | ||
| 504 | _aIncludes bibliographical references and index. | ||
| 650 | 0 |
_aInternational finance. _933659 |
|
| 650 | 0 |
_aInternational finance _vProblems, exercises, etc. _933660 |
|
| 650 | 0 |
_aInternational business enterprises _xFinance. _932766 |
|
| 650 | 0 |
_aInternational business enterprises _xFinance _vProblems, exercises, etc. _933661 |
|
| 650 | 0 |
_aForeign exchange. _933662 |
|
| 650 | 0 |
_aForeign exchange _vProblems, exercises, etc. _933663 |
|
| 653 |
_bBus _cSeptember2013 |
||
| 942 |
_2ddc _cBB |
||
| 999 |
_c17530 _d17502 |
||